tester della fortuna - Statistics

Statistiche generali
  • Questo quiz è stato fatto 360 volte
  • Il punteggio medio è 8 su 27
Answers on the Grid
Answers color-coded by a green-red scale on the quiz's grid according to % correct below.
🍀
🍀
🍀
🍀
🍀
🍀
🍀
🍀
🍀
🍀
🍀
🍀
🍀
🍀
🍀
🍀
🍀
🍀
🍀
🍀
🍀
🍀
🍀
🍀
🍀
🍀
🍀
🍀
🍀
🍀
 
Statistiche sulle risposte
Risposta % Corretto
🍀
38%
🍀
36%
🍀
34%
🍀
34%
🍀
34%
🍀
34%
🍀
33%
🍀
33%
🍀
33%
🍀
33%
🍀
31%
🍀
31%
🍀
30%
🍀
29%
🍀
29%
🍀
29%
🍀
29%
🍀
29%
🍀
29%
🍀
29%
🍀
29%
🍀
28%
🍀
28%
🍀
26%
🍀
25%
🍀
25%
🍀
20%
Nessun quiz corrispondente trovato
Distribuzione punteggi
Percentuale di utenti per punteggio
Percentile per numero di risposta
I tuoi punteggi nel tempo
Non hai fatto questo quiz